000 01023naa a2200289 i 4500
003 EG-GICUC
005 20260418191615.0
008 260418s1964 rb |||f |||| 000 0 fre d
040 _aEG-GiCUC
_bfre
_cEG-GiCUC
_dEG-GiCUC
_eRda
041 _afre
_hfre
082 0 4 _221
_a342.049702
_bIN. R
092 0 4 _221
099 _aLaw1 08 342.049702 IN. R 1964 1010760 V11, C1
110 2 _aInstitut de droit comparé.
245 1 0 _aRecueil des lois de la RSF de Yougoslavie.
_nVolume XI,
_pCode Penal /
_cInstitut De Droit Compare.
264 _aBeograd :
_bImprimerie de l'Union des Associations de Juristes de Yougoslav,
_c1964.
300 _a170 page ;
_c24 cm.
336 _2rda contenu
_a texte
337 _2rda medias
_aOrdinateur
338 _2 transporteur rda
_a Ressource en ligne
546 _aTexte en français
650 1 _aDroit constitutionnel
651 1 _aYougoslavie
_xLois et législation
856 4 0 _uhttps://fll.law.cu.edu.eg/fulltext/bks/B08-10760.pdf
905 _a164
942 _2ddc
_cBK
_e21
_n0
999 _c71696
_d71696